La Princesse de Cleves /

Bibliographic Details
Main Author: La Fayette, Madame de (Marie-Madeleine Pioche de La Vergne), 1634-1693
Other Authors: Ashton, H. (Harry), 1882-1952
Format: Book
Language:French
English
Published: Cambridge [England] : University Press, 1940.

MARC

Tag First Indicator Second Indicator Subfields
LEADER 00000cam a2200000 4500
001 in00000700708
005 20151016053625.0
008 800710s1940 enk 00001 fre d
035 |a (OCoLC)06505921 
035 |9 ADC1390AM 
040 |a TXA  |c TXA  |d UtOrBLW 
041 0 |a fre  |a eng 
049 |a TXAM  |c [217391] 
090 |a PQ1805.L5  |b A7 1940 
092 |a 843  |b L161p, 1940 
100 1 |a La Fayette,  |c Madame de  |q (Marie-Madeleine Pioche de La Vergne),  |d 1634-1693. 
245 1 3 |a La Princesse de Cleves /  |c edited with an introduction and notes by H. Ashton. 
264 1 |a Cambridge [England] :  |b University Press,  |c 1940. 
300 |a 180 pages 
336 |a text  |b txt  |2 rdacontent 
337 |a unmediated  |b n  |2 rdamedia 
338 |a volume  |b nc  |2 rdacarrier 
700 1 |a Ashton, H.  |q (Harry),  |d 1882-1952. 
999 |a MARS 
999 f f |s ca718f23-95a5-3360-9e50-8971582848d0  |i 227a0928-2a8a-3482-ac71-5944fdb8a580  |t 0 
952 f f |p normal  |a Texas A&M University  |b College Station  |c Sterling C. Evans Library  |s Evans stk  |d Evans: Library Stacks  |t 0  |e PQ1805.L5 A7 1940  |h Library of Congress classification  |i unmediated -- volume  |m A14801370772 
998 f f |a PQ1805.L5 A7 1940  |t 0  |l Evans: Library Stacks